| 000 | 01266nam a2200349 c 4500 | ||
|---|---|---|---|
| 999 |
_c94247 _d94247 |
||
| 003 | BLK | ||
| 005 | 20220615130612.0 | ||
| 008 | 180408b bul|||||r ||||||| ||bul|| | ||
| 010 | _aKNG00099065000 | ||
| 040 | _aBLK | ||
| 041 |
_aBUL _cBUL |
||
| 080 |
_aЖивопис - Портрети _b75.041.5 _x(497.2) _z75.041.5(497.2) |
||
| 100 | 1 |
_aМихалчева, Ирина _eпърви автор _9242597 |
|
| 139 |
_aМихалчева, Ирина _bМ 75 |
||
| 245 | 1 | 0 |
_aПортретът в българската живопис _bЧ. 1 - _cИрина Михалчева. _nЧ. 1 _p1878 - 1918 |
| 257 | _aBGR | ||
| 260 |
_aСофия _bБАН _c1968 - |
||
| 300 | _c21 см | ||
| 380 | _a7 | ||
| 650 | 4 |
_aЖивопис - България _9242598 |
|
| 650 | 4 |
_aПортретна живопис, българска _9242599 |
|
| 653 | _aпортрети | ||
| 653 | _aБългария | ||
| 653 | _aживопис | ||
| 653 | _aхудожници | ||
| 760 | 1 |
_aМихалчева, Ирина _dСофия, 1968 _h176 с. : с репрод. _oЧ. 1 : 1878 - 1918 _tПортретът в българската живопис |
|
| 852 |
_aЦб 45894 _bЦб |
||
| 942 |
_cKNG _n0 _01 _s1 |
||
| 944 |
_aCR _c21.01.2011 _lдобави в АБ / 20.01.2011 _kИрена_Линкова |
||
| 944 |
_aED _c2022-06-15 _l2022-06-15 _kСТ |
||
| 999 | _d94247 | ||